Internet poskytuje možnosť efektívnej reklamy

Výhody reklamy na Internete. Reklamné kampane. Internet - najlepší reklamný prostriedok. Výroba reklamy na Internete v praxi. Atraktívnosť jej spracovania.

Na minha lista:
Detalhes bibliográficos
Autor principal: Príhoda, N.
Formato: Capítulo de Livro
Idioma:eslovaco
Assuntos:
Tags: Adicionar Tag
Sem tags, seja o primeiro a adicionar uma tag!

MARC

LEADER 00000naa a2200000 4500
001 r025879
005 20240208073052.9
041 0 |a slo 
044 |a SK 
245 1 0 |a Internet poskytuje možnosť efektívnej reklamy  |c N. Príhoda 
520 |a Výhody reklamy na Internete. Reklamné kampane. Internet - najlepší reklamný prostriedok. Výroba reklamy na Internete v praxi. Atraktívnosť jej spracovania. 
610 2 0 |a reklama 
610 2 0 |a internet 
610 2 0 |a prostriedky reklamné 
610 2 0 |a siete počítačové 
610 2 0 |a kampane reklamné 
100 1 |a Príhoda, N.